[Event "Angers op 5th"]
[Site "Angers"]
[Date "2010.04.25"]
[Round "6"]
[White "Letertre, Arnaud"]
[Black "Arnaud, Jean Paul"]
[Result "1/2-1/2"]
[WhiteElo "1890"]
[BlackElo "1780"]
[PlyCount "64"]
[EventDate "2010.04.23"]
[EventType "swiss"]
[EventRounds "6"]
[EventCountry "FRA"]
[SourceTitle "EXT 2011"]
[Source "ChessBase"]
[SourceDate "2010.11.26"]
[SourceVersion "1"]
[SourceVersionDate "2010.11.26"]
[SourceQuality "1"]

1. d4 Nf6 2. c4 g6 3. Nc3 Bg7 4. Nf3 0-0 5. g3 d6 6. Bg2 e5 7. e4 Nc6 8. 0-0 Nd7 9. d5 Ne7 10. b4 f5 11. Qc2 Nf6 12. Rd1 Nxe4 13. Nxe4 fxe4 14. Ne1 Bg4 15. Bb2 Bxd1 16. Rxd1 Nf5 17. Qxe4 Nd4 18. h4 Qf6 19. Nd3 Qf5 20. Bxd4 Qxe4 21. Bxe4 exd4 22. Nf4 Rxf4 23. gxf4 Rf8 24. f5 gxf5 25. Bd3 f4 26. Kg2 Be5 27. Kf3 Rf7 28. Rg1+ Rg7 29. Rxg7+ Kxg7 30. Kg4 h6 31. a4 b6 32. b5 Kf6 1/2-1/2

[Event "Wasselonne op"]
[Site "Wasselonne"]
[Date "2009.08.07"]
[Round "3"]
[White "Fischer, Robert1111"]
[Black "Arnaud, Jean Paul"]
[Result "1/2-1/2"]
[WhiteElo "2125"]
[BlackElo "1880"]
[PlyCount "36"]
[EventDate "2009.08.06"]
[EventType "swiss"]
[EventRounds "7"]
[EventCountry "FRA"]
[SourceTitle "EXT 2011"]
[Source "ChessBase"]
[SourceDate "2010.11.26"]
[SourceVersion "1"]
[SourceVersionDate "2010.11.26"]
[SourceQuality "1"]

1. e4 c5 2. Nf3 d6 3. d4 cxd4 4. Nxd4 Nf6 5. Nc3 a6 6. Be3 e5 7. Nf3 Be7 8. Be2 b5 9. a3 Bb7 10. Qd3 Nbd7 11. Nd2 Nc5 12. Bxc5 dxc5 13. Qxd8+ Rxd8 14. f3 0-0 15. Rd1 Rd6 16. 0-0 Rfd8 17. Ndb1 Rxd1 18. Rxd1 Rxd1+ 1/2-1/2

[Event "Rennes op 2nd"]
[Site "Rennes"]
[Date "2009.07.20"]
[Round "6"]
[White "Spoone, John Paul"]
[Black "Arnaud, Jean Paul"]
[Result "0-1"]
[WhiteElo "1770"]
[BlackElo "1884"]
[PlyCount "138"]
[EventDate "2009.07.15"]
[EventType "swiss"]
[EventRounds "9"]
[EventCountry "FRA"]
[SourceTitle "EXT 2011"]
[Source "ChessBase"]
[SourceDate "2010.11.26"]
[SourceVersion "1"]
[SourceVersionDate "2010.11.26"]
[SourceQuality "1"]

1. Nf3 c5 2. g3 g6 3. Bg2 Bg7 4. 0-0 Nf6 5. d3 0-0 6. e4 d6 7. c3 Nc6 8. h3 Rb8 9. a4 Bd7 10. Nbd2 Qc8 11. h4 Bg4 12. Qe1 b5 13. axb5 Rxb5 14. Nh2 Bd7 15. Nc4 Ne8 16. Be3 Nc7 17. Qe2 h5 18. Bf4 Rb8 19. Qd2 Kh7 20. Rae1 Bh3 21. Qe2 Bxg2 22. Kxg2 Qd7 23. Bc1 Rbd8 24. Ne3 d5 25. f3 d4 26. g4 dxe3 27. Bxe3 Qxd3 28. Bxc5 Ne6 29. Be3 Qxe2+ 30. Rxe2 Rd7 31. Ra1 Rfd8 32. f4 Rd1 33. Ra2 R8d7 34. Ra6 Nb8 35. Ra5 a6 36. gxh5 R1d3 37. Bc1 Bh6 38. Rf2 Ng7 39. hxg6+ Kxg6 40. Ng4 Kh7 41. Nxh6 Kxh6 42. f5+ Kh7 43. f6 exf6 44. Rxf6 R3d6 45. Rf3 Rg6+ 46. Kf2 Nc6 47. Rxa6 Ne5 48. Rxg6 fxg6 49. Rf8 Nd3+ 50. Kf3 Nxc1 51. Rc8 Nb3 52. Rb8 Nc5 53. b4 Rd3+ 54. Ke2 Rxc3 55. bxc5 Rxc5 56. Rb7 Kh6 57. Rb8 Ne6 58. Kf3 Kg7 59. Rb7+ Kf6 60. Rd7 Rc3+ 61. Kg4 Re3 62. h5 gxh5+ 63. Kxh5 Rxe4 64. Ra7 Ng7+ 65. Rxg7 Kxg7 66. Kg5 Re5+ 67. Kf4 Kf6 68. Kg4 Rf5 69. Kg3 Kg5 0-1

[Event "Rennes op 2nd"]
[Site "Rennes"]
[Date "2009.07.19"]
[Round "5"]
[White "Arnaud, Jean Paul"]
[Black "Roussel, Yannis"]
[Result "1/2-1/2"]
[WhiteElo "1884"]
[BlackElo "1586"]
[PlyCount "150"]
[EventDate "2009.07.15"]
[EventType "swiss"]
[EventRounds "9"]
[EventCountry "FRA"]
[SourceTitle "EXT 2011"]
[Source "ChessBase"]
[SourceDate "2010.11.26"]
[SourceVersion "1"]
[SourceVersionDate "2010.11.26"]
[SourceQuality "1"]

1. e4 e5 2. Nf3 Nc6 3. Bb5 a6 4. Ba4 Nf6 5. 0-0 Be7 6. Re1 b5 7. Bb3 d6 8. c3 0-0 9. h3 Na5 10. Bc2 c5 11. d4 Qc7 12. d5 c4 13. Nbd2 Nb7 14. Nf1 Rd8 15. Ng3 g6 16. Bh6 Bf8 17. Qd2 Bg7 18. Nh2 Nc5 19. Rad1 Bd7 20. Bxg7 Kxg7 21. f4 Re8 22. f5 Qd8 23. Rf1 Rf8 24. Rf3 Ng8 25. Rdf1 Qh4 26. Ng4 Kh8 27. Qe3 a5 28. Nh1 a4 29. a3 Rfd8 30. Nhf2 Qe7 31. f6 Qf8 32. h4 h5 33. Nh2 Nh6 34. Qg5 Bc8 35. Kh1 Bd7 36. Nd1 Ng4 37. Nf2 Nxf2+ 38. R1xf2 Kh7 39. Qe3 Qh6 40. Qg5 Qf8 41. Rg3 Qh6 42. Nf3 Bg4 43. Qxh6+ Kxh6 44. Ng5 Ra7 45. Re3 Re8 46. Kg1 Rc8 47. Kf1 Re8 48. Nf3 Rd8 49. Nh2 Bc8 50. Ke1 Rb7 51. Rf1 Ra7 52. Rg1 Rh8 53. g4 hxg4 54. Nxg4+ Bxg4 55. Rxg4 Kh7 56. h5 gxh5 57. Rg7+ Kh6 58. Reg3 Rd7 59. Bd1 Nd3+ 60. Kf1 Nf4 61. Kf2 Rb7 62. Rf3 Rd7 63. Kg3 Ng6 64. Rf5 Nf4 65. Bf3 Rb7 66. Rfg5 Rd7 67. Kh2 Rb7 68. Rg1 Rd7 69. Rh1 Rh7 70. Rg8 h4 71. Kg1 Ng6 72. Bg4 Rb7 73. Kf2 Kg5 74. Kf3 Rh8 75. Rxh8 Nxh8 1/2-1/2

[Event "Bagnoles de l'Orne"]
[Site "Bagnoles de l'Orne"]
[Date "2009.05.31"]
[Round "3"]
[White "Arnaud, Jean Paul"]
[Black "Auvray, Philippe"]
[Result "1-0"]
[WhiteElo "1940"]
[BlackElo "1698"]
[PlyCount "69"]
[EventDate "2009.05.30"]
[EventType "swiss"]
[EventRounds "6"]
[EventCountry "FRA"]
[SourceTitle "CBM 130 Extra"]
[Source "ChessBase"]
[SourceDate "2009.07.02"]
[SourceVersion "2"]
[SourceVersionDate "2009.07.15"]
[SourceQuality "1"]

1. e4 c6 2. d4 d5 3. Nc3 dxe4 4. Nxe4 Bf5 5. Ng3 Bg6 6. h4 h6 7. Nf3 Nf6 8. h5 Bh7 9. Bd3 Bxd3 10. Qxd3 e6 11. Bd2 Bd6 12. 0-0-0 Qe7 13. Rde1 Bxg3 14. fxg3 Na6 15. a3 0-0-0 16. Qe2 Nc7 17. Kb1 Ncd5 18. c4 Nb6 19. Ba5 Rd7 20. Bb4 Qe8 21. Rd1 Ng4 22. Rhe1 f5 23. Rc1 Nf6 24. Qxe6 Qxe6 25. Rxe6 Rdd8 26. d5 Rde8 27. Nd4 Rxe6 28. Nxe6 Nxh5 29. Rc3 Na4 30. Rf3 cxd5 31. cxd5 g6 32. b3 Nb6 33. Rc3+ Kd7 34. Rc7+ Ke8 35. Re7# 1-0